Datum a čas kvízu
27
Celkem bodů
Celkový počet nahraných bodů na tomto kvízu bez doplňovacích otázek.
8.
Pořadí na kvízu
Konečné umístění týmu na tomto kvízu.
Zaznamenané odpovědi
| # | Otázka | Odpověď | Body | Výsledky |
|---|---|---|---|---|
| 1. | Senát nominoval rekordních 125... | Jan Kubiš, Adolf Opálka | 0.5 | |
| 2. | Předsednictví v Radě Evropské... | Maďarsko | 1 | |
| 3. | V úterý měla na letní scéně pr... | Miloš Forman | 0 | |
| 4. | Do mobilní aplikace Portál obč... | DROZD | 0 | |
| 5. | Do světa Formule 1 minulý týde... | Alpine | 1 | |
| 11. | Jak se nazývá specializované o... | A | 0 | |
| 12. | Jak se jmenuje ovoce na obrázk... | kumquat (nagami nebo počeštěně kumkvat) | 0 | |
| 13. | Nyní nás bude zajímat ovoce zv... | C | 0 | |
| 14. | Vypište z následující řady dva... | kiwano, goji | 0.5 | |
| 15. | Níže jsou názvy tří odrůd jabl... | C | 1 |